000 00288nam a2200133Ia 4500
008 230312s9999||||xx |||||||||||||| ||und||
082 _a891.4
_bAHM-K
100 _aAhmad, Ashfaq
245 0 _aKhail Tamashaa
260 _bSangeMeel
300 _a216
650 _aLiterature
942 _cBK
999 _c8828
_d8828